Electrospun Polymeric Fibrous Composites dissertation thesis
Gespeichert in:
| 1. Verfasser: | |
|---|---|
| Format: | Buch |
| Sprache: | Englisch |
| Veröffentlicht: |
Bratislava
STU FCHPT
2018
|
| Online-Zugang: | Im OPAC anzeigen |
| Tags: |
Keine Tags, Fügen Sie das erste Tag hinzu!
|
MARC
| LEADER | 00000nam a2200000 a 4500 | ||
|---|---|---|---|
| 005 | 20260127134119.0 | ||
| 008 | 200512 2018 xo a 001 0 eng d | ||
| 035 | |a vtls011960519 | ||
| 039 | 9 | |y 202005121009 |z mschk03 | |
| 040 | |a STUSCHK1 |b slo |c STUSCHK1 |e AACR2 | ||
| 100 | 1 | |a Číková, Eliška | |
| 245 | 1 | |a Electrospun Polymeric Fibrous Composites |b dissertation thesis |c Eliška Číková | |
| 260 | |a Bratislava |b STU FCHPT |c 2018 | ||
| 300 | |a 140 p. |b ill. |c 25 cm | ||
| 500 | |a Study programme: Macromolecular Chemistry | ||
| 500 | |a Study field: Macromolecular Chemistry | ||
| 500 | |a External education institution: Polymer Institute SAS | ||
| 500 | |a Reg.No.: FCHPT-19988-58173 | ||
| 910 | |a SCHK95 | ||
| 999 | |c 4387 |d 4387 | ||